000
00295nam a22001337a 4500
008
181205b xxu||||| |||| 00| 0 eng d
020
_a
9780323019309
041
_a
eng
080
_a
610
100
_a
3
101
_a
SHM
245
_a
The Osler Medical Handbook
_c
Johns.G
942
_2
udc
_c
BK
999
_c
52886
_d
52886